[Event "Hastings Weekend op-B"]
[Site "Hastings"]
[Date "2024.01.07"]
[Round "5"]
[White "Masani, Matthew"]
[Black "Harrison, Oliver"]
[Result "0-1"]
[WhiteElo "1501"]
[BlackElo "1471"]
[PlyCount "102"]
[EventDate "2024.01.06"]
[EventType "swiss"]
[EventRounds "5"]
[EventCountry "ENG"]
[SourceTitle "CB02_2024"]
[SourceDate "2024.01.10"]
[SourceVersion "1"]
[SourceVersionDate "2024.01.10"]
[SourceQuality "1"]

1. d4 Nf6 2. Bf4 c5 3. d5 b5 4. f3 Bb7 5. e4 a6 6. a4 Qa5+ 7. Bd2 b4 8. Na3 d6 9. Nc4 Qc7 10. a5 Nbd7 11. Bd3 g6 12. Qc1 e6 13. dxe6 fxe6 14. Nh3 Qc6 15. e5 dxe5 16. Nf2 Bg7 17. Bh6 0-0 18. Bxg7 Kxg7 19. Qg5 Qd5 20. Ne4 Nxe4 21. Bxe4 Qxc4 22. Bxb7 Ra7 23. Be4 Rf6 24. Rd1 Qb5 25. Bd3 Qxa5 26. 0-0 c4 27. Qe3 Qb6 28. Qxb6 Nxb6 29. Be2 Nd5 30. Ra1 a5 31. Kf2 c3 32. b3 e4 33. Rfd1 exf3 34. Bxf3 Ne7 35. Ke2 e5 36. Rd8 h5 37. Rb8 Nf5 38. Be4 Rff7 39. Bxf5 gxf5 40. Rb5 Kf6 41. Raxa5 Rxa5 42. Rxa5 Rb7 43. h4 f4 44. Kd3 Rd7+ 45. Kc4 Rd4+ 46. Kc5 Kf5 47. Rb5 Kg4 48. Rxb4 Rxb4 49. Kxb4 Kg3 50. Ka5 Kxg2 51. b4 f3 0-1

[Event "Hastings Weekend op-B"]
[Site "Hastings"]
[Date "2024.01.06"]
[Round "3"]
[White "Kim, Kunhoo Alexander"]
[Black "Harrison, Oliver"]
[Result "0-1"]
[WhiteElo "1398"]
[BlackElo "1471"]
[PlyCount "50"]
[EventDate "2024.01.06"]
[EventType "swiss"]
[EventRounds "5"]
[EventCountry "ENG"]
[SourceTitle "CB02_2024"]
[SourceDate "2024.01.10"]
[SourceVersion "1"]
[SourceVersionDate "2024.01.10"]
[SourceQuality "1"]

1. e4 e5 2. Nf3 Nc6 3. Bc4 Nf6 4. d4 exd4 5. e5 d5 6. Bb5 Ne4 7. Nxd4 Bd7 8. Bxc6 bxc6 9. 0-0 Bc5 10. f3 Ng5 11. Be3 0-0 12. f4 Ne4 13. Nd2 Nxd2 14. Qxd2 Bb6 15. Rae1 c5 16. Nf3 d4 17. Bf2 Bb5 18. Bh4 Qd5 19. Rf2 Qxa2 20. f5 Ba5 21. Qg5 h6 22. Qg4 f6 23. exf6 Rf7 24. Rd1 Qd5 25. fxg7 Qxf5 0-1

[Event "Daventry 4NCL op-B 30th"]
[Site "Daventry"]
[Date "2023.06.17"]
[Round "3"]
[White "Harrison, Oliver"]
[Black "Holmes, Matthew A"]
[Result "0-1"]
[WhiteElo "1704"]
[BlackElo "1845"]
[PlyCount "122"]
[EventDate "2023.06.16"]
[EventType "swiss"]
[EventRounds "5"]
[EventCountry "ENG"]
[SourceTitle "CBM 215 Extra"]
[Source "ChessBase"]
[SourceDate "2023.09.30"]
[SourceVersion "1"]
[SourceVersionDate "2023.09.30"]
[SourceQuality "1"]

1. e4 e6 2. c4 d5 3. cxd5 exd5 4. exd5 Nf6 5. Bb5+ Nbd7 6. Nc3 Bd6 7. Qe2+ Qe7 8. d4 0-0 9. Qxe7 Bxe7 10. Nf3 Nb6 11. 0-0 Nbxd5 12. Bg5 h6 13. Bh4 c6 14. Bc4 Be6 15. Rfe1 Bb4 16. Rac1 g5 17. Bg3 Nxc3 18. Rxe6 fxe6 19. Bxe6+ Kg7 20. bxc3 Ba5 21. Be5 Rfe8 22. Bf5 Re7 23. Bd6 Re2 24. a3 Rae8 25. Bd3 Rb2 26. Ne5 Rd2 27. Bf1 Bb6 28. Nc4 Ra2 29. Be5 Re7 30. Nd6 Rxe5 31. dxe5 Rxf2 32. Kh1 Ng4 33. Nc4 Bc7 34. Kg1 Rf8 35. Re1 Re8 36. h3 Nxe5 37. Kf2 Rf8+ 38. Kg1 Nxc4 39. Re7+ Rf7 40. Rxf7+ Kxf7 41. Bxc4+ Kf6 42. Bd3 Ke5 43. Kf2 Ba5 44. c4 Kd4 45. Be2 Kc3 46. Kf3 Kb3 47. Kg4 Kxa3 48. Kh5 Bd8 49. Kxh6 Kb4 50. Kg6 a5 51. Kf5 a4 52. Bd3 Kc3 53. Bb1 Kxc4 54. g4 Kb3 55. h4 gxh4 56. g5 Bxg5 57. Kxg5 h3 58. Kh4 h2 59. Be4 a3 60. Kh3 a2 61. Kxh2 a1Q 0-1

[Event "Daventry 4NCL op-B 30th"]
[Site "Daventry"]
[Date "2023.06.17"]
[Round "2"]
[White "Harrison, Oliver"]
[Black "Tart, Peter K"]
[Result "0-1"]
[WhiteElo "1704"]
[BlackElo "1968"]
[PlyCount "38"]
[EventDate "2023.06.16"]
[EventType "swiss"]
[EventRounds "5"]
[EventCountry "ENG"]
[SourceTitle "CBM 215 Extra"]
[Source "ChessBase"]
[SourceDate "2023.09.30"]
[SourceVersion "1"]
[SourceVersionDate "2023.09.30"]
[SourceQuality "1"]

1. e4 e5 2. Nf3 d5 3. exd5 Bd6 4. d4 e4 5. Qe2 Nf6 6. Bg5 Nbd7 7. Nfd2 0-0 8. Nxe4 Re8 9. Nbd2 h6 10. Bxf6 Nxf6 11. Nxf6+ gxf6 12. Ne4 Kg7 13. g4 Bf4 14. c4 c6 15. d6 Qa5+ 16. Kd1 Rxe4 17. Qd3 Re1+ 18. Kc2 Rxa1 19. Bg2 Rxh1 0-1

[Event "Wroclaw Anderssen Memorial op-B"]
[Site "Wroclaw"]
[Date "2023.??.??"]
[Round "5"]
[White "Harrison, Oliver"]
[Black "Ptak, Pawel"]
[Result "1-0"]
[WhiteElo "1427"]
[BlackElo "1301"]
[PlyCount "87"]
[EventDate "2023.08.06"]
[EventType "swiss"]
[EventRounds "9"]
[EventCountry "POL"]
[SourceTitle "EXT 2024"]
[Source "ChessBase"]
[SourceDate "2023.10.10"]
[SourceVersion "1"]
[SourceVersionDate "2023.10.10"]
[SourceQuality "1"]

1. e4 c6 2. c4 e5 3. Nc3 Bc5 4. Qg4 Qf6 5. Nf3 Na6 6. a3 d5 7. Qg3 d4 8. Na4 Bd6 9. b4 b6 10. c5 bxc5 11. Bxa6 Bxa6 12. Nxc5 Bxc5 13. bxc5 Bd3 14. Qxe5+ Qxe5 15. Nxe5 Bxe4 16. f3 f6 17. Nc4 Bg6 18. Bb2 d3 19. Kf2 Ne7 20. Rhe1 Kd7 21. g4 Nd5 22. Nd6 Nf4 23. Ke3 Ng2+ 24. Kd4 Nxe1 25. Rxe1 Rab8 26. Bc3 h5 27. Rg1 Rhg8 28. f4 hxg4 29. Rxg4 Bh5 30. Rg1 Be2 31. Kc4 g5 32. f5 Ke7 33. Ne4 Rbf8 34. h3 g4 35. Rg3 gxh3 36. Rxh3 Rg4 37. Re3 Rf4 38. Bd4 Kd7 39. Kc3 Rxf5 40. Rh3 Ke6 41. Rh7 Kd5 42. Re7 Rf4 43. Nxf6+ R8xf6 44. Re5# 1-0